| 000 | 00443nam a2200169 a 4500 | ||
|---|---|---|---|
| 005 | 20140412111238.0 | ||
| 008 | 001118s19uu xx 00 eng d | ||
| 020 | _a0-06-443068-5 | ||
| 050 |
_aER _bJa22 1983 |
||
| 100 | _aDegen, Bruce | ||
| 245 |
_aJamberry / _cBruce Degen. |
||
| 260 |
_aNew York : _bHarper and Row, _c1983. |
||
| 300 | _a1 v. (unp.); col. | ||
| 650 | _aBears -- Stories | ||
| 650 | _aStories in rhyme | ||
| 999 |
_c102548 _d102548 |
||